Načítá se...

Information management : from strategies to action

Podrobná bibliografie
Hlavní autor: Cronin, Blaise
Médium: Printed Book
Jazyk:Undetermined
Vydáno: Aslib
LEADER 00528nam a2200145Ia 4500
008 161229s9999 xx 000 0 und d
020 |a 0851421938 
082 |a 658.403 8 CRO/IN 
100 |a Cronin, Blaise 
245 |a Information management : from strategies to action 
260 |b Aslib 
300 |a ix, 189 
942 |c BK 
999 |c 153507  |d 153507 
952 |0 0  |1 0  |4 0  |6 658_403000000000000_8_CROIN  |7 0  |9 152578  |a KAUCLV  |b KAUCLV  |d 2016-12-29  |o 658.403 8 CRO/IN  |p 904816  |r 2016-12-29  |w 2016-12-29  |y BK  |z Book transferred from CCBM Library ,Acc.No:3081